Policy formulation (Record no. 16960)

000 -LEADER
fixed length control field 00402pab a2200145 454500
008 - FIXED-LENGTH DATA ELEMENTS--GENERAL INFORMATION
fixed length control field 180718b1990 xxu||||| |||| 00| 0 eng d
100 ## - MAIN ENTRY--PERSONAL NAME
Personal name DeLeon, Peter
245 ## - TITLE STATEMENT
Title Policy formulation
Remainder of title Where ignorant armies clash by night
260 ## - PUBLICATION, DISTRIBUTION, ETC.
Date of publication, distribution, etc. 1990
300 ## - PHYSICAL DESCRIPTION
Extent 214-31
362 ## - DATES OF PUBLICATION AND/OR SEQUENTIAL DESIGNATION
Dates of publication and/or sequential designation Dec.
650 ## - SUBJECT ADDED ENTRY--TOPICAL TERM
Topical term or geographic name entry element Public Policy - Research - U.S.A.
773 ## - HOST ITEM ENTRY
Main entry heading Asian Journal of Public Administration
909 ## -
-- 16960
Holdings
Withdrawn status Lost status Damaged status Not for loan Permanent Location Current Location Date acquired Serial Enumeration / chronology Barcode Date last seen Price effective from Koha item type
        Indian Institute of Public Administration Indian Institute of Public Administration 2018-07-19 Volume no: 12, Issue no: 2 AR17020 2018-07-19 2018-07-19 Articles

Powered by Koha